Statistiken für Essen Allgemeinwissen #2 Einfach

Klicken Sie hier um das Quiz zu spielen!

Allgemein

  • Dieses Quiz wurde 1.708 mal gespielt
    (1.703 seit der letzten Aktualisierung)
  • Das Durchschnittsergebnis liegt bei 12 aus 15

Antwortstatistiken

FrageAntwort% Korrekt
Welche Flüssigkeit braucht ein Mensch zum ÜberlebenWasser
99%
Was für Fleisch gibt es normalerweise in einem DönerRindfleisch, Kalbfleisch, Schafsfleisch, Lammfleisch und Hähnchen
98%
Was für ein ovales Essen produzieren HühnerEier
95%
Welche Abkürzung für eine Hühnchen-Fast-Food-Kette hat nur 3 BuchstabenKFC
95%
Was ist die beliebteste Fast-Food-Kette in AmerikaMc Donalds
95%
Woraus besteht O-Saft hauptsächlichOrangen
95%
Wie heißt das afrikanische Heißgetränk, was viele Deutsche morgens trinken, um wach zu werdenKaffee
92%
Welches Essen ist der Charakter Toad von Super MarioPilz
92%
Welches süße Gebäck isst das blaue Monster von SesamstraßeCookies/Kekse
91%
Welche gelbe Frucht essen Affen am liebstenBananen
90%
Für welches herzhafte Gebäck sind Franzosen bekanntBaguette
77%
Wie heißt die runde Frucht, die eine harte grüne Schale und ein wässeriges weiches inneres hatWassermelone
74%
Welcher süße Saft wird aus Zucker-Ahorn gewonnenAhorn Sirup
73%
Was ist die beliebteste PizzaPizza Margherita
45%
Britisches Wort für KekseBiscuits
36%

Verteilung der Resultate

Perzentil nach korrekt beantworteten Fragen

Anzahl Personen mit jedem Resultat

Ihre Resultats-Entwicklung

Sie haben dieses Quiz seit der letzten Aktualisierung nicht gespielt